00588nam a2200181 a 450000100060000000300090000600800410001502000120005604000280006808200160009610000290011224500950014126000850023630000100032165000300033165000250036165000200038612629CO-ViMGA141112s2004 ck r 000 u spa d a9206441 aCO-ViMGAbspacCO-ViMGA04a371.32 V17c1 aVargas, de Avella Martha10aLa Canasta escolar : bPrograma Materiales Educativos y calidad de la Educación Básica aSantafé de Bogotá : bSecretaria Ejecutiva del convenio Andres Bello, c1994 a102p.14aCALIDAD DE LA educación14aeducación - COSTOS14aLIBROS DE TEXTO